| 000 | 01175cam a22001934a 4500 | ||
|---|---|---|---|
| 005 | 20250605164142.0 | ||
| 008 | 250528s ||||||||||||||||||||||||d | ||
| 035 | _a19001 | ||
| 040 |
_aGR-AtMCL _bgre _dGR-AtMCL _eAACR2 |
||
| 245 | 1 | _aΛογιστικές και Φορολογικές Εφαρμογές Ι / Πρακτικό Γραφειό Λογιστικής | |
| 260 |
_bInterbooks, _c1994 |
||
| 300 | _a272 | ||
| 520 | _aΤήρηση βιβλίων και συμπλήρωση φορολογικών εντύπων επιχειρήσεων που εντάσσονται στην Α', Β' και Γ' κατηγορία του Κ.Β.Σ. Επιχείρησεις Βιβλίων Πρώτης (Α') Κατηγορίας ΚΒΣ, Επιχείρησεις Βιβλίων Δεύτερης (Β') Κατηγορίας ΚΒΣ, Επιχείρησεις Βιβλίων Τρίτης (Γ') Κατηγορίας ΚΒΣ, Τεχνικές Επιχειρήσεις και Εισόδημα από Αυτές. | ||
| 700 | 1 |
_aΚαρδακάρης Κωνσταντίνος Ν _92466 |
|
| 700 | 1 |
_aΜεντης Γρηγορης _95281 |
|
| 942 | _cBK | ||
| 999 |
_c4292 _d4292 |
||